LIBRARY & INFORMATION CENTRE, KCAET, TAVANUR

ONLINE PUBLIC ACCESS CATALOGUE (OPAC)

Fruit and vegetable preservation: Principles and practices (Record no. 13635)

MARC details
000 -LEADER
fixed length control field 00347nam a22001457a 4500
020 ## - INTERNATIONAL STANDARD BOOK NUMBER
ISBN 8185860742
082 ## - DEWEY DECIMAL CLASSIFICATION NUMBER
Classification number 664.028
Item number SRI/FR
100 ## - MAIN ENTRY--AUTHOR NAME
Personal name Srivastava,R.P
245 ## - TITLE STATEMENT
Title Fruit and vegetable preservation: Principles and practices
250 ## - EDITION STATEMENT
Edition statement 3 rev
260 ## - PUBLICATION, DISTRIBUTION, ETC. (IMPRINT)
Place of publication Lucknow
Name of publisher IBDC
Year of publication 2012
300 ## - PHYSICAL DESCRIPTION
Number of Pages 474
700 ## - ADDED ENTRY--PERSONAL NAME
Personal name Sanjeev Kumar
942 ## - ADDED ENTRY ELEMENTS (KOHA)
Koha item type Books
Holdings
Withdrawn status Lost status Damaged status Collection code Home library Current library Shelving location Date acquired Cost, normal purchase price Full call number Accession Number Koha item type
      Non-fiction KAUAET KAUAET General Stacks 31/03/2012 335.00 664.028 SRI/FR 23457 Books
      Non-fiction KAUAET KAUAET General Stacks 31/03/2012 335.00 664.028 SRI/FR 23458 Books
      Non-fiction KAUAET KAUAET General Stacks 31/03/2012 335.00 664.028 SRI/FR 23459 Books
      Non-fiction KAUAET KAUAET General Stacks 31/03/2012 335.00 664.028 SRI/FR 23460 Books
      Non-fiction KAUAET KAUAET General Stacks 31/03/2012 335.00 664.028 SRI/FR 23461 Books
free website counter